Najdłuższe ulice miast wojewódzkich - Statystyki

Ogólne statystyki
  • Ten quiz został rozwiązany 200 razy
    27 od ostatniego zresetowania
  • Średni wynik to 3 z 18
Statystyki odpowiedzi
Miasto Długość Ulica % Poprawnych
Warszawa 14,6 km Wał Miedzeszyński
43%
Szczecin 6,9 km Aleja Wojska Polskiego
33%
Poznań 8,2 km Jana Henryka Dąbrowskiego
29%
Łódź 11,3 km Pomorska
29%
Bydgoszcz 11 km Toruńska
24%
Kraków 9,3 km Igołomska
19%
Wrocław 6,1 km Osobowicka
19%
Lublin 7 km Aleja Solidarności
14%
Katowice 9,8 km Tadeusza Kościuszki
14%
Gdańsk 11,7 km Kartuska
10%
Białystok 7,2 km Konstantego Ciołkowskiego
10%
Olsztyn 6,5 km Bałtycka
5%
Toruń 7,2 km Włocławska
5%
Rzeszów 5,8 km Dębicka
0%
Gorzów Wielkopolski 5 km Franciszka Walczaka
0%
Kielce 7,4 km Piotra Ściegiennego
0%
Opole 14,9 km Powstańców Warszawskich
0%
Zielona Góra 8,8 km Trasa Północna
0%
Nie znaleziono quizów pasujących do podanych kryteriów
Rozkład punktacji
Procent ludzi z każdym wynikiem
Percentyl według liczby udzielonych odpowiedzi
Twoja historia wyników
Nie rozwiązałeś tego quizu od ostatniego zresetowania